Tuyển tập bài tập tiêu chuẩn

Bewaard in:
Bibliografische gegevens
Formaat: Boek
Tags: Voeg label toe
Geen labels, Wees de eerste die dit record labelt!
Thư viện lưu trữ: Mạng thư viện Đại học Đà Nẵng
LEADER 00412nam a22001691a 4500
001 000038587
003 14882
005 20160412021423.0
008 160412s0 000
082 |a 4N(07)21-22 
245 |a Tuyển tập bài tập tiêu chuẩn 
OWN |a LNN 
999 |a From the UDN01 
TYP |a Monograph 
980 |a Mạng thư viện Đại học Đà Nẵng